000 00527nam a2200169Ia 4500
008 090201s9999 xx 000 0 und d
010 _aKPL-63938
040 _bमराठी
041 _aमराठी
082 _a1003
_b63938
100 _aज श्री टिळक
245 _aमी जयंत टिळक
_cज श्री टिळक
260 _c2004
_bपद्मगंधा प्रकाशन
300 _a224
_bमोठा
600 _aमी जयंत टिळक
942 _cBOOK
999 _c202115
_d202115